[Event "Let's Play Chess!"]
[Site "http://www.queenalice.com/game.php?id=1325020"]
[Date "2014.11.28"]
[Round "-"]
[White "PGeon"]
[Black "Mikalus"]
[Result "0-1"]
[WhiteElo "1652"]
[BlackElo "1805"]

1. f4 c5 2. Nf3 Nc6 3. c3 e6 4. e4 Nge7 5. d3 Ng6 6. e5 d6 7. c4 dxe5 8. fxe5
Ngxe5 9. Nc3 Be7 10. Ne4 b6 11. Bg5 Nxf3+ 12. Qxf3 Nd4 13. Qf2 Bxg5 14. h4 Bf6
15. Be2 Nc2+ 0-1

[Event "AUTO-ADV-3300"]
[Site "http://www.queenalice.com/game.php?id=1325116"]
[Date "2014.11.29"]
[Round "1"]
[White "Redtom"]
[Black "PGeon"]
[Result "1-0"]
[WhiteElo "2045"]
[BlackElo "1601"]

1. e4 e5 2. Nc3 Nf6 3. f4 d6 4. Nf3 Bg4 5. Bb5+ c6 6. Be2 Bxf3 7. Bxf3 Be7 8.
O-O O-O 9. d4 exd4 10. Qxd4 c5 11. Qd3 Nc6 12. Be3 a6 13. Rad1 Nb4 14. Qe2 b6
15. a3 Nc6 16. Nd5 Nxd5 17. exd5 Nb8 18. Be4 b5 19. Qh5 g6 20. Qh3 a5 21. f5 Nd7
22. Bh6 Re8 23. fxg6 fxg6 24. Qe6+ Kh8 25. Qf7 Bf8 26. Bxf8 Rxf8 27. Qe6 Re8 28.
Qxd6 Rxe4 29. Rf7 c4 30. Rxd7 Qe8 31. Qf6+ 1-0

[Event "AUTO-ADV-3300"]
[Site "http://www.queenalice.com/game.php?id=1325117"]
[Date "2014.11.29"]
[Round "1"]
[White "PGeon"]
[Black "Redtom"]
[Result "0-1"]
[WhiteElo "1518"]
[BlackElo "1990"]

1. d4 f5 2. e3 Nf6 3. Nc3 g6 4. Bd3 Bg7 5. Nf3 O-O 6. O-O d6 7. e4 fxe4 8. Bxe4
Nxe4 9. Nxe4 Bg4 10. h3 Bxf3 11. gxf3 Qd7 12. Kg2 e5 13. d5 h6 14. Rg1 Qf5 15.
Kf1 Qxh3+ 16. Ke1 Rxf3 17. Be3 Rxe3+ 18. fxe3 Qxe3+ 0-1

[Event "AUTO-ADV-3300"]
[Site "http://www.queenalice.com/game.php?id=1325134"]
[Date "2014.11.29"]
[Round "1"]
[White "PGeon"]
[Black "kuntakinte"]
[Result "0-1"]
[WhiteElo "1516"]
[BlackElo "1780"]

1. d4 d5 2. e3 c5 3. dxc5 Qa5+ 4. Nc3 Qxc5 5. Nxd5 e6 6. b4 Qxd5 7. Ba3 Qe5 8.
Nf3 Qf6 9. Bd3 Nh6 10. O-O a5 11. Bb5+ Bd7 12. Qd3 axb4 13. Qc4 bxa3 14. Qc8+
Qd8 15. Qxb7 Ra5 16. Bxd7+ Nxd7 17. Rad1 Nf5 18. Rd3 Nd6 19. Qc6 Rc5 20. Qa4 Ra5
21. Qf4 e5 22. Qb4 Nf5 23. Rfd1 Bxb4 24. Rxd7 Qxd7 0-1

[Event "AUTO-ADV-3300"]
[Site "http://www.queenalice.com/game.php?id=1325135"]
[Date "2014.11.29"]
[Round "1"]
[White "kuntakinte"]
[Black "PGeon"]
[Result "1-0"]
[WhiteElo "1785"]
[BlackElo "1546"]

1. e4 e5 2. Nf3 Nc6 3. c3 d6 4. Bb5 a6 5. Ba4 b5 6. Bb3 h6 7. d4 Bg4 8. O-O Bxf3
9. Qxf3 Nf6 10. d5 Ne7 11. a4 Nh5 12. c4 c5 13. Qxh5 Ng6 14. Qe2 Be7 15. cxb5
axb5 16. Qxb5+ Kf8 17. Nd2 Bg5 18. a5 Bxd2 19. Bxd2 Rb8 20. Qc4 Qh4 21. a6 Ke7
22. a7 Ra8 23. Qb5 Qxe4 24. Qb7+ Kf6 25. Qd7 Rhd8 26. Qc7 Rdc8 27. Qxd6+ Kf5 28.
Qd7+ Kf6 29. Ra6+ 1-0

[Event "AUTO-ADV-3300"]
[Site "http://www.queenalice.com/game.php?id=1325136"]
[Date "2014.11.29"]
[Round "1"]
[White "PGeon"]
[Black "tewald"]
[Result "0-1"]
[WhiteElo "1556"]
[BlackElo "2043"]

1. c4 g6 2. Nc3 Bg7 3. e4 c5 4. d3 e6 5. Nf3 Nc6 6. Be3 Qa5 7. Bd2 Qd8 8. Nb5 d6
9. Bc3 Nf6 10. d4 Nxe4 11. dxc5 Bxc3+ 12. bxc3 O-O 13. cxd6 a6 14. Nc7 Rb8 15.
c5 Nxc5 16. Bc4 Ne4 17. Rb1 Nxd6 18. O-O Qxc7 19. Ng5 Nxc4 20. Qd3 N6e5 21. Qh3
h5 22. f4 Ng4 23. Qg3 Nd2 24. Rfe1 Nxb1 25. Rxb1 b5 26. h3 Nf6 27. Rd1 Qc5+ 28.
Kh1 Qc4 29. f5 Rb6 30. fxg6 fxg6 31. Rd4 Qxa2 32. Kh2 Rb7 33. Qe5 Kg7 34. Ne4
Qe2 35. Rd2 Qxe4 0-1

[Event "AUTO-ADV-3300"]
[Site "http://www.queenalice.com/game.php?id=1325137"]
[Date "2014.11.29"]
[Round "1"]
[White "tewald"]
[Black "PGeon"]
[Result "1-0"]
[WhiteElo "2033"]
[BlackElo "1613"]

1. d4 d5 2. Bf4 Nc6 3. Nf3 h6 4. h3 Nf6 5. e3 g5 6. Bh2 e6 7. Bd3 Bd6 8. Nbd2
Bxh2 9. Nxh2 a6 10. c3 b5 11. b4 Qd6 12. e4 dxe4 13. Bxe4 Ra7 14. O-O e5 15.
dxe5 Nxe5 16. Re1 O-O 17. Re3 g4 18. hxg4 Nexg4 19. Rg3 h5 20. Nxg4 Bxg4 21. Bf5
c5 22. Bxg4 hxg4 23. Qc2 Kg7 24. Ne4 Qe5 25. Nxf6 Kxf6 26. Rxg4 Rh8 27. Rg3 Re7
28. Rf1 Qh5 29. Rh3 Qf5 30. Qxf5+ Kxf5 31. Rxh8 c4 32. Ra1 f6 33. Kf1 Kg5 34.
Re1 Rd7 35. g3 Rd3 36. Re3 Rd1+ 37. Kg2 Ra1 38. f4+ Kg4 39. Rg8+ Kh5 40. Re7 Kh6
41. f5 Rxa2+ 42. Kh3 1-0

[Event "AUTO-OPEN-3389"]
[Site "http://www.queenalice.com/game.php?id=1325208"]
[Date "2014.11.29"]
[Round "1"]
[White "yeye2"]
[Black "PGeon"]
[Result "1-0"]
[WhiteElo "1797"]
[BlackElo "1556"]

1. e4 e5 2. Nf3 d6 3. d4 Nc6 4. d5 Nce7 5. Bc4 h6 6. O-O a6 7. Be3 Nf6 8. Bd3
Ng6 9. c4 Be7 10. h3 Nh5 11. b4 Bxh3 12. gxh3 Qd7 13. Kh2 Bg5 14. Nxg5 Nhf4 15.
Bxf4 exf4 16. Nf3 Ne5 17. Nxe5 Qe7 18. Nf3 O-O 19. h4 Qf6 20. Rg1 Qxa1 21. Qd2
Qf6 22. Rg4 g5 23. hxg5 hxg5 24. Nxg5 Qg6 25. Qxf4 1-0

[Event "AUTO-OPEN-3389"]
[Site "http://www.queenalice.com/game.php?id=1325209"]
[Date "2014.11.29"]
[Round "1"]
[White "PGeon"]
[Black "yeye2"]
[Result "0-1"]
[WhiteElo "1550"]
[BlackElo "1803"]

1. e4 e5 2. Nf3 Nc6 3. c4 d6 4. Nc3 Bg4 5. h3 Bxf3 6. Qxf3 Nd4 7. Qd1 Qd7 8. Bd3
O-O-O 9. b4 g6 10. O-O f5 11. Nd5 Qe6 12. Qa4 Kb8 13. b5 Nf6 14. b6 axb6 15.
exf5 gxf5 16. Ne3 e4 17. Bc2 f4 18. Nd5 Nxd5 19. cxd5 Qxd5 20. Bb3 Nxb3 21. axb3
c6 22. Bb2 Rg8 23. Rfc1 Bg7 24. Bxg7 Rxg7 25. b4 e3 26. dxe3 Qxg2# 0-1

[Event "AUTO-OPEN-3389"]
[Site "http://www.queenalice.com/game.php?id=1325230"]
[Date "2014.11.29"]
[Round "1"]
[White "frsten"]
[Black "PGeon"]
[Result "1-0"]
[WhiteElo "2000"]
[BlackElo "1638"]

1. e4 e5 2. d4 exd4 3. c3 dxc3 4. Nxc3 c5 5. Nf3 Nc6 6. Bc4 Nf6 7. O-O Bd6 8.
Qxd6 b6 9. Bg5 h6 10. Bxf6 gxf6 11. Nd5 1-0

[Event "AUTO-OPEN-3389"]
[Site "http://www.queenalice.com/game.php?id=1325231"]
[Date "2014.11.29"]
[Round "1"]
[White "PGeon"]
[Black "frsten"]
[Result "0-1"]
[WhiteElo "1595"]
[BlackElo "2029"]

1. e4 e6 2. Nf3 d5 3. e5 c5 4. Qe2 Nc6 5. c3 d4 6. c4 Nge7 7. d3 Ng6 8. g3 Qc7
9. Na3 a6 10. Bd2 Ncxe5 11. Nc2 b5 12. Nxe5 Qxe5 13. Bg2 Qxe2+ 14. Kxe2 Rb8 15.
cxb5 axb5 16. a4 b4 17. a5 Bb7 18. Bxb7 Rxb7 19. a6 Ra7 20. h4 h5 21. f4 Ne7 22.
Kf3 Nd5 23. Rhe1 Bd6 24. Re2 Nc7 25. f5 Kd7 26. fxe6+ Nxe6 27. Ne1 Rha8 28. Bf4
Rxa6 29. Rxa6 Rxa6 30. Bxd6 Kxd6 31. Ng2 Ra1 32. Nf4 Nxf4 33. gxf4 b3 34. f5 Rc1
35. Re4 Rc2 36. Re2 Rxe2 37. Kxe2 Ke5 0-1

[Event "AUTO-OPEN-3389"]
[Site "http://www.queenalice.com/game.php?id=1325244"]
[Date "2014.11.29"]
[Round "1"]
[White "PGeon"]
[Black "jartuga99"]
[Result "0-1"]
[WhiteElo "1598"]
[BlackElo "1879"]

1. e4 c5 2. Nc3 d6 3. Nf3 Nf6 4. d4 cxd4 5. Qxd4 a6 6. Bd3 Nc6 7. Qe3 g6 8. O-O
Bg7 9. Bd2 e5 10. a3 O-O 11. Nd5 Ne7 12. Nxf6+ Bxf6 13. c4 Bg7 14. Ng5 f5 15.
exf5 Bxf5 16. Qg3 e4 17. Bxe4 Bxb2 18. Rab1 Be5 19. Qf3 Bd7 20. Qd3 Nf5 21. Bxf5
gxf5 22. Qh3 Qe7 23. Rxb7 Rad8 24. Re1 Qg7 25. f4 Bd4+ 26. Be3 h6 27. Bxd4 Qxd4+
28. Kh1 hxg5 29. fxg5 Qg4 30. Qh6 Rf7 31. g6 Rg7 32. Qe3 Qxg6 33. Qd3 Qxg2# 0-1

[Event "AUTO-OPEN-3389"]
[Site "http://www.queenalice.com/game.php?id=1325245"]
[Date "2014.11.29"]
[Round "1"]
[White "jartuga99"]
[Black "PGeon"]
[Result "1-0"]
[WhiteElo "1890"]
[BlackElo "1595"]

1. e4 e5 2. Bc4 Nf6 3. d3 Nc6 4. c3 Bc5 5. a4 a5 6. Nf3 h6 7. h3 d6 8. O-O O-O
9. Be3 Bxe3 10. fxe3 Bd7 11. Nbd2 Nh5 12. Nxe5 Nf6 13. Ng6 Re8 14. Qf3 Ne5 15.
Nxe5 Rxe5 16. d4 Rg5 17. h4 Rg4 18. Bxf7+ Kxf7 19. e5 dxe5 20. dxe5 Bc6 21. e4
Qxd2 22. Qxg4 Qxb2 23. exf6 gxf6 24. e5 Qxc3 25. Rxf6+ Ke8 26. Qe6+ 1-0

[Event "Challenge"]
[Site "http://www.queenalice.com/game.php?id=1325296"]
[Date "2014.11.30"]
[Round "-"]
[White "dejami"]
[Black "PGeon"]
[Result "0-1"]
[WhiteElo "1767"]
[BlackElo "1590"]

1. e4 e5 2. Bc4 Nf6 3. g4 Nxe4 4. Qf3 d5 5. Bb3 Bc5 6. Nh3 O-O 7. d3 Nf6 8. Bg5
Be7 9. Bxf6 Bxf6 10. c3 Nc6 11. Bxd5 Ne7 12. Be4 c6 13. Rg1 b5 14. Ke2 a5 15.
Bxc6 Nxc6 16. Qxc6 Rb8 17. Nd2 Bb7 18. Qc5 a4 19. Rad1 Be7 20. Qe3 Qc7 21. a3
Bc5 22. Qg3 Rbd8 23. Rge1 Bc6 24. Kf1 f6 25. b4 Bd6 26. Qe3 Qb7 27. f3 g5 28.
Ng1 Be7 29. Ne2 Bd7 30. h3 f5 31. Qxe5 fxg4 32. hxg4 Bxg4 33. Qe4 Bxf3 34. Qxb7
Bxb7+ 35. Kg1 Rxd3 36. Nc1 Rg3+ 37. Kh2 Bd6 38. Nf1 Rf2# 0-1

[Event "AUTO-INT-2929"]
[Site "http://www.queenalice.com/game.php?id=1325583"]
[Date "2014.12.1"]
[Round "1"]
[White "dgrecu"]
[Black "PGeon"]
[Result "1-0"]
[WhiteElo "1289"]
[BlackElo "1544"]

1. e4 e5 2. Nc3 Bc5 3. Nf3 g5 4. d4 exd4 5. Nxd4 Bxd4 6. Qxd4 f6 7. Bxg5 Nc6 8.
Qc5 d6 9. Qc4 fxg5 10. O-O-O Qf6 11. Nd5 Qf7 12. Nxc7+ Qxc7 13. Rd5 Ne5 14. Qxc7
1-0

[Event "AUTO-INT-2929"]
[Site "http://www.queenalice.com/game.php?id=1325584"]
[Date "2014.12.1"]
[Round "1"]
[White "PGeon"]
[Black "dgrecu"]
[Result "1-0"]
[WhiteElo "1551"]
[BlackElo "1271"]

1. d4 d5 2. Nf3 f6 3. e3 Nc6 4. Nc3 e5 5. Bb5 Bd7 6. Nxd5 Bg4 7. dxe5 Bxf3 8.
Qxf3 Qd7 9. c3 f5 10. e6 Qd6 11. e4 fxe4 12. Qf7+ Kd8 13. Bf4 1-0

[Event "AUTO-INT-2929"]
[Site "http://www.queenalice.com/game.php?id=1325599"]
[Date "2014.12.1"]
[Round "1"]
[White "rodracena"]
[Black "PGeon"]
[Result "1-0"]
[WhiteElo "1720"]
[BlackElo "1621"]

1. d4 d5 2. Nf3 Nc6 3. e3 Bf5 4. Be2 Nb4 5. Na3 Nf6 6. c3 Nc6 7. O-O e6 8. c4
Bd6 9. cxd5 Nxd5 10. Nc4 Be4 11. Nfd2 Bxg2 12. Nxd6+ Qxd6 13. Kxg2 Nce7 14. Rg1
Nf5 15. Ne4 Qe7 16. Kf1 a6 17. Bd2 a5 18. Qa4+ c6 19. Ng3 Nxg3+ 20. hxg3 O-O 21.
Qc2 b5 22. Rh1 Nb4 23. Qxh7# 1-0

[Event "AUTO-INT-2929"]
[Site "http://www.queenalice.com/game.php?id=1325600"]
[Date "2014.12.1"]
[Round "1"]
[White "PGeon"]
[Black "rodracena"]
[Result "0-1"]
[WhiteElo "1583"]
[BlackElo "1775"]

1. d4 c6 2. e4 d5 3. e5 e6 4. Bd3 c5 5. dxc5 Bxc5 6. Nf3 Ne7 7. Bg5 Nbc6 8. a3
Qc7 9. Nbd2 Nxe5 10. O-O Nxd3 11. cxd3 Bd6 12. Bxe7 Qxe7 13. b4 O-O 14. g3 f5
15. Nh4 f4 16. Ndf3 e5 17. Re1 e4 18. dxe4 dxe4 19. Nd4 Bh3 20. Qh5 Rae8 21.
Ndf5 Bxf5 22. Nxf5 Qf6 23. Rad1 Bb8 24. Rd7 Qxf5 25. Qxf5 Rxf5 26. Rxb7 fxg3 27.
hxg3 Rf7 28. Rxf7 Kxf7 29. Rd1 Re7 30. g4 Kf6 31. Kg2 Kg5 32. Kh3 Kf4 33. Rd5 g6
34. a4 Kf3 0-1

[Event "AUTO-INT-2929"]
[Site "http://www.queenalice.com/game.php?id=1325611"]
[Date "2014.12.1"]
[Round "1"]
[White "PGeon"]
[Black "pssservicos"]
[Result "0-1"]
[WhiteElo "1599"]
[BlackElo "1595"]

1. d4 d5 2. Nc3 Nf6 3. e3 e6 4. Bd3 Bb4 5. Ne2 Bxc3+ 6. bxc3 O-O 7. O-O Nc6 8.
Ng3 e5 9. dxe5 Nxe5 10. e4 dxe4 11. Bxe4 Qxd1 12. Rxd1 Bg4 13. Re1 c6 14. Bf5
Nc4 15. h3 Bxf5 16. Nxf5 g6 17. Nd4 c5 18. Nf3 b5 19. Be3 Na3 20. Re2 Rfe8 21.
Rd1 b4 22. Bxc5 Rxe2 23. Bxb4 Nxc2 24. Bc5 Ne4 25. Be3 Nxc3 26. Rc1 Nxa2 27. Rb1
Nc3 28. Rb3 Ne4 29. Nd4 Re1+ 30. Kh2 Nxd4 31. Bxd4 Nd2 32. Bc3 Nxb3 0-1

[Event "AUTO-INT-2929"]
[Site "http://www.queenalice.com/game.php?id=1325612"]
[Date "2014.12.1"]
[Round "1"]
[White "pssservicos"]
[Black "PGeon"]
[Result "1-0"]
[WhiteElo "1551"]
[BlackElo "1595"]

1. e4 e5 2. Nf3 Nc6 3. Bb5 Bc5 4. Bxc6 bxc6 5. Nxe5 Bxf2+ 6. Kxf2 Qh4+ 7. Ke3
Nf6 8. d3 c5 9. g3 Qg5+ 10. Kf2 Qxe5 11. Nc3 d6 12. Nb5 d5 13. Bf4 Qxb2 14.
Nxc7+ Ke7 15. Nxa8 Qd4+ 16. Be3 Ng4+ 17. Qxg4 Qxe3+ 18. Kxe3 Bxg4 19. Nc7 dxe4
20. Kxe4 f5+ 21. Kd5 Bf3+ 22. Kxc5 Rc8 23. Rhe1+ Kd7 24. c4 Rxc7+ 25. Kd4 h5 26.
Re5 g6 27. Rae1 Kd6 28. Re6+ 1-0

[Event "Challenge"]
[Site "http://www.queenalice.com/game.php?id=1326128"]
[Date "2014.12.4"]
[Round "-"]
[White "camiloneto"]
[Black "PGeon"]
[Result "1-0"]
[WhiteElo "1708"]
[BlackElo "1572"]

1. e4 e5 2. Nf3 Bc5 3. Nxe5 Qf6 4. Nf3 h5 5. d4 Bf8 6. Nc3 d6 7. b3 c6 8. Bb2
Ne7 9. Na4 Bg4 10. d5 cxd5 11. Bxf6 gxf6 12. exd5 Bh6 13. h3 Bxf3 14. Qxf3 h4
15. Qxf6 1-0

[Event "Challenge"]
[Site "http://www.queenalice.com/game.php?id=1326488"]
[Date "2014.12.6"]
[Round "-"]
[White "eduardocosta"]
[Black "PGeon"]
[Result "1-0"]
[WhiteElo "1678"]
[BlackElo "1596"]

1. e3 e5 2. Be2 d5 3. b3 Nc6 4. Bb2 Nf6 5. Bb5 Bd7 6. Bxc6 Bxc6 7. Bxe5 Bd6 8.
Bxd6 Qxd6 9. Nf3 O-O 10. d4 Ne4 11. O-O Bd7 12. Nbd2 Bg4 13. h3 Nxd2 14. Qxd2
Bxf3 15. gxf3 Rae8 16. f4 f5 17. c4 c6 18. c5 Qg6+ 19. Kh2 Rf6 20. Rg1 Qh5 21.
Rg3 Rh6 22. Rag1 Ree6 23. Rxg7+ Kf8 24. R7g3 Reg6 25. Qa5 Qe2 26. Qd8+ Kf7 27.
Qd7+ Kf8 28. Qxf5+ Ke7 29. Qe5+ Kf7 30. Qc7+ Kf8 31. Qc8+ Kf7 32. Qxb7+ Kf8 33.
Qb8+ Kf7 34. Qc7+ Kf8 35. Qb8+ Kf7 36. Qxa7+ Kf8 37. Qb8+ Kf7 38. Qc7+ Kf8 39.
Qd8+ Kf7 40. Qc7+ Kf8 41. Qb8+ Kf7 42. Qa7+ Kf8 43. R1g2 Rxg3 44. fxg3 Qxe3 45.
b4 Qxd4 46. Qb8+ Kg7 47. Qc7+ Kg8 48. a3 Qc3 49. Qb8+ Kg7 50. a4 d4 51. a5 d3
52. a6 d2 53. a7 d1=Q 54. a8=Q Qd7 55. Qg8+ Kf6 56. Qaf8+ 1-0